Statistics for Most Populated Cities in New Hampshire

Click here to take the quiz!

General Stats

  • This quiz has been taken 10 times
  • The average score is 8 of 20

Answer Stats

PopulationCity% Correct
110,601Manchester
100%
87,642Nashua
90%
42,717Concord
80%
23,204Keene
70%
21,644Portsmouth
60%
30,901Dover
40%
30,212Rochester
40%
25,144Londonderry
40%
33,312Derry
40%
28,951Salem
30%
22,019Bedford
30%
15,322Hampton
30%
14,734Exeter
30%
25,566Merrimack
20%
16,237Laconia
20%
16,148Durham
20%
24,858Hudson
10%
17,899Goffstown
10%
14,344Windham
10%
15,288Milford
0%

Score Distribution

Percentile by Number Answered

Percent of People with Each Score

Your Score History

You have not taken this quiz